[Event "Baden-ch 94th"]
[Site "Forst"]
[Date "2022.10.02"]
[Round "5"]
[White "Jaeschke, Benno"]
[Black "Meier, Marlon"]
[Result "0-1"]
[WhiteElo "2066"]
[BlackElo "2018"]
[PlyCount "58"]
[EventDate "2022.09.30"]
[EventType "swiss"]
[EventRounds "7"]
[EventCountry "GER"]
[SourceTitle "CBM 210 Extra"]
[Source "ChessBase"]
[SourceDate "2022.11.30"]
[SourceVersion "1"]
[SourceVersionDate "2022.11.30"]
[SourceQuality "1"]

1. d4 d5 2. c4 dxc4 3. Nf3 Nf6 4. e3 Bg4 5. Bxc4 e6 6. 0-0 a6 7. a4 Nc6 8. Qe2 Bd6 9. Rd1 0-0 10. Nbd2 Qe7 11. h3 Bh5 12. g4 Bg6 13. e4 Bf4 14. e5 Nd5 15. Nb3 Bxc1 16. Rdxc1 Rad8 17. Bxa6 Nxe5 18. Nxe5 bxa6 19. Ra3 Qh4 20. Nc5 Nf4 21. Qe3 Rxd4 22. Kh2 Rfd8 23. Ncd7 Nxh3 24. Qxd4 Nf4+ 25. Kg1 Ne2+ 26. Kg2 Nxd4 27. Rxc7 f6 28. Nxg6 hxg6 29. Rg3 Ne2 0-1

[Event "Rhein Main op-A 24th"]
[Site "Bad Homburg"]
[Date "2022.06.18"]
[Round "5"]
[White "Lindam, Ingo"]
[Black "Meier, Marlon"]
[Result "1/2-1/2"]
[WhiteElo "2135"]
[BlackElo "1944"]
[PlyCount "173"]
[EventDate "2022.06.15"]
[EventType "swiss"]
[EventRounds "7"]
[EventCountry "GER"]
[SourceTitle "EXT 2023"]
[Source "ChessBase"]
[SourceDate "2022.10.05"]
[SourceVersion "1"]
[SourceVersionDate "2022.10.05"]
[SourceQuality "1"]

1. d4 d5 2. Nf3 Nf6 3. Bf4 e6 4. Nbd2 Bd6 5. Bg3 c5 6. e3 Nc6 7. c3 0-0 8. Bd3 Qe7 9. Ne5 Nd7 10. f4 f6 11. Nxc6 bxc6 12. Qc2 f5 13. 0-0 a5 14. Nf3 Ba6 15. c4 Nf6 16. Bh4 cxd4 17. Nxd4 c5 18. Nf3 Rab8 19. b3 dxc4 20. Bxc4 Bxc4 21. Qxc4 Rb4 22. Qa6 Qc7 23. Bxf6 Rxf6 24. Rad1 Rb6 25. Qxa5 Rf8 26. Rd3 c4 27. bxc4 Bb4 28. Qe5 Qxc4 29. Rd7 Bc3 30. Rxg7+ Kh8 31. Nd4 Bxd4 32. exd4 Rb5 33. Rc7+ Rxe5 34. Rxc4 Re2 35. Rf2 Re1+ 36. Rf1 Re2 37. Rb1 Rg8 38. g3 Rxa2 39. Rb7 Rga8 40. Rcc7 Rd2 41. Rxh7+ Kg8 42. Rhg7+ Kh8 43. Ra7 Rb8 44. Rgb7 Rc8 45. Rc7 Rb8 46. Rc1 Rxd4 47. Re7 Rd2 48. Rxe6 Rbb2 49. Re7 Rd8 50. Rec7 Rdd2 51. Re7 Rd8 52. Ra1 Rc2 53. Rf7 Kg8 54. Rxf5 Rdd2 55. Rh5 Rg2+ 56. Kh1 Rgf2 57. f5 Kg7 58. g4 Rb2 59. Rh3 Rbc2 60. Rg3 Rxh2+ 61. Kg1 Rhf2 62. Rf1 Rxf1+ 63. Kxf1 Kf6 64. Rg2 Rc3 65. Kf2 Kg5 66. Rg3 Rc2+ 67. Kf3 Rc3+ 68. Kg2 Rc2+ 69. Kh3 Rf2 70. Rg2 Rf3+ 71. Kh2 Ra3 72. Kg1 Rb3 73. Kf2 Ra3 74. Ke2 Rb3 75. Rf2 Kxg4 76. f6 Rb8 77. Ke3 Kg5 78. Ke4 Kg6 79. Ke5 Kf7 80. Kf5 Rb5+ 81. Kg4 Rb4+ 82. Kg5 Rb5+ 83. Rf5 Rxf5+ 84. Kxf5 Kf8 85. Ke6 Ke8 86. f7+ Kf8 87. Kf6 1/2-1/2

[Event "Rhein Main op-A 24th"]
[Site "Bad Homburg"]
[Date "2022.06.18"]
[Round "6"]
[White "Meier, Marlon"]
[Black "Wanie, Karsten"]
[Result "1-0"]
[WhiteElo "1944"]
[BlackElo "2093"]
[PlyCount "63"]
[EventDate "2022.06.15"]
[EventType "swiss"]
[EventRounds "7"]
[EventCountry "GER"]
[SourceTitle "EXT 2023"]
[Source "ChessBase"]
[SourceDate "2022.10.05"]
[SourceVersion "1"]
[SourceVersionDate "2022.10.05"]
[SourceQuality "1"]

1. e4 c6 2. d4 d5 3. e5 c5 4. dxc5 e6 5. a3 Bxc5 6. Qg4 Kf8 7. Nf3 Nc6 8. b4 Bb6 9. Bb2 Nge7 10. Bd3 Ng6 11. 0-0 h5 12. Qg3 Nce7 13. Nc3 Bd7 14. Rfd1 Qe8 15. Rac1 Rc8 16. h4 f6 17. Ne2 Kf7 18. Nf4 Rh6 19. exf6 gxf6 20. Bxf6 Bc7 21. Bg5 Rh8 22. c4 d4 23. Nxd4 e5 24. Nxg6 Nxg6 25. Qf3+ Kg8 26. Qd5+ Kg7 27. Bxg6 Kxg6 28. Qe4+ Kg7 29. Nf5+ Kf8 30. Nd6 Bxd6 31. Rxd6 Bc6 32. Qf5+ 1-0

[Event "GER-chT U16"]
[Site "Aurich"]
[Date "2018.12.30"]
[Round "7.1"]
[White "Zyla, Lennert"]
[Black "Meier, Marlon"]
[Result "0-1"]
[WhiteElo "1829"]
[BlackElo "1935"]
[PlyCount "76"]
[EventDate "2018.12.27"]
[EventType "team-swiss"]
[EventRounds "7"]
[EventCountry "GER"]
[SourceTitle "CBM 188 Extra"]
[Source "ChessBase"]
[SourceDate "2019.02.26"]
[SourceVersion "1"]
[SourceVersionDate "2019.02.26"]
[SourceQuality "1"]
[WhiteTeam "Porz SG"]
[BlackTeam "Gernsbach"]
[WhiteTeamCountry "GER"]
[BlackTeamCountry "GER"]

1. e4 e5 2. Nf3 Nc6 3. Bb5 a6 4. Bxc6 dxc6 5. 0-0 Bg4 6. h3 h5 7. d3 Qf6 8. Nbd2 g5 9. Re1 Be6 10. Nf1 g4 11. hxg4 hxg4 12. N3h2 Qh4 13. Be3 0-0-0 14. Qe2 Bd6 15. g3 Qh5 16. c3 Ne7 17. a4 Rdg8 18. f3 gxf3 19. Qxf3 Qg6 20. Kf2 f5 21. Ke2 fxe4 22. dxe4 Rf8 23. Qg2 Bh3 24. Qh1 Bg4+ 25. Kd2 Bf3 26. Qg1 Bxe4 27. Bc5 Qg5+ 28. Be3 Qf5 29. g4 Qe6 30. Re2 Qb3 31. Ke1 Bd3 32. Rd2 e4 33. g5 Qf7 34. Bd4 Rhg8 35. Rf2 Qd5 36. Be3 Nf5 37. Kd2 Nxe3 38. Nxe3 Rxf2+ 0-1

[Event "Baden Wuerttemberg-chT U16"]
[Site "Burg Ortenberg"]
[Date "2018.06.23"]
[Round "3.1"]
[White "Geltz, Noah"]
[Black "Meier, Marlon"]
[Result "1-0"]
[WhiteElo "1914"]
[BlackElo "1985"]
[PlyCount "107"]
[EventDate "2018.06.23"]
[EventType "team-tourn"]
[EventRounds "3"]
[EventCountry "GER"]
[SourceTitle "EXT 2019"]
[Source "ChessBase"]
[SourceDate "2018.10.10"]
[SourceVersion "1"]
[SourceVersionDate "2018.10.10"]
[SourceQuality "1"]
[WhiteTeam "Heilbronn Biberach U16"]
[BlackTeam "Gernsbach U16"]
[WhiteTeamCountry "GER"]
[BlackTeamCountry "GER"]

1. d4 d5 2. c4 dxc4 3. e4 Nc6 4. Be3 Nf6 5. Nc3 e5 6. d5 Na5 7. Nf3 Bd6 8. Qa4+ Bd7 9. Qxa5 a6 10. b4 cxb3 11. axb3 Qe7 12. Qa2 Bb4 13. Bd2 Qc5 14. Na4 Qa5 15. Bxb4 Qxb4+ 16. Qd2 Qxe4+ 17. Be2 Qxd5 18. Qxd5 Nxd5 19. Nxe5 Bb5 20. Bc4 Bxc4 21. bxc4 0-0 22. 0-0 Nf4 23. Nc5 Rfe8 24. Rfe1 b5 25. cxb5 axb5 26. Rxa8 Rxa8 27. g3 Nd5 28. Rd1 Nc3 29. Rd3 Na4 30. Ra3 f6 31. Nc6 Re8 32. Nxa4 Ra8 33. Nd4 bxa4 34. Nb5 Kf7 35. Nxc7 Ra5 36. f4 Ke7 37. f5 Kd6 38. Ne8+ Kc5 39. Nxg7 Kb4 40. Ra1 a3 41. g4 a2 42. g5 fxg5 43. f6 Ra7 44. Rxa2 Rxa2 45. f7 Ra8 46. Ne6 Kc4 47. f8Q Rxf8 48. Nxf8 h6 49. Kg2 Kd5 50. Kg3 Ke4 51. Kg4 Ke3 52. Ne6 Kf2 53. Nxg5 Kg2 54. h4 1-0

[Event "Baden-ch U2000"]
[Site "Walldorf"]
[Date "2017.07.28"]
[Round "3"]
[White "Kara, Ahmet"]
[Black "Meier, Marlon"]
[Result "1-0"]
[WhiteElo "1814"]
[BlackElo "1812"]
[PlyCount "55"]
[EventDate "2017.07.26"]
[EventType "swiss"]
[EventRounds "7"]
[EventCountry "GER"]
[SourceTitle "EXT 2018"]
[Source "ChessBase"]
[SourceDate "2017.10.13"]
[SourceVersion "1"]
[SourceVersionDate "2017.10.13"]
[SourceQuality "1"]

1. e4 e5 2. Nf3 Nc6 3. d4 exd4 4. Bc4 Nf6 5. e5 d5 6. Bb5 Ne4 7. Nxd4 Bc5 8. Be3 0-0 9. Nxc6 bxc6 10. Bxc5 Nxc5 11. Bxc6 Rb8 12. 0-0 Rxb2 13. Bxd5 Bf5 14. Na3 Rb6 15. Nc4 Rh6 16. Ne3 Qh4 17. h3 Bc8 18. Qf3 Rg6 19. Kh2 Ne6 20. Nf5 Qg5 21. h4 Qd8 22. Rad1 Bd7 23. Bc6 Bxc6 24. Rxd8 Bxf3 25. Ne7+ Kh8 26. Nxg6+ hxg6 27. Rxf8+ Nxf8 28. gxf3 1-0

[Event "Baden-ch U2000"]
[Site "Walldorf"]
[Date "2017.07.28"]
[Round "4"]
[White "Meier, Marlon"]
[Black "Jacobs, Frank"]
[Result "0-1"]
[WhiteElo "1812"]
[BlackElo "1985"]
[PlyCount "106"]
[EventDate "2017.07.26"]
[EventType "swiss"]
[EventRounds "7"]
[EventCountry "GER"]
[SourceTitle "EXT 2018"]
[Source "ChessBase"]
[SourceDate "2017.10.13"]
[SourceVersion "1"]
[SourceVersionDate "2017.10.13"]
[SourceQuality "1"]

1. e4 c5 2. c3 d5 3. exd5 Qxd5 4. d4 Nf6 5. Nf3 Nc6 6. Be2 cxd4 7. cxd4 e6 8. Nc3 Bb4 9. 0-0 Qa5 10. Bd2 0-0 11. a3 Bxc3 12. bxc3 Qc7 13. Bd3 e5 14. Re1 exd4 15. cxd4 Bg4 16. Rc1 Qd7 17. Bc3 Rfe8 18. Rxe8+ Rxe8 19. Bc2 a6 20. Qd3 Bxf3 21. gxf3 Qd5 22. Rb1 Ne7 23. Bb3 Qh5 24. Re1 Ned5 25. Rxe8+ Nxe8 26. Qe4 Nef6 27. Qd3 Qg5+ 28. Kf1 Qc1+ 29. Be1 Qxa3 30. Qf5 Ne7 31. Qd3 Qd6 32. Qc4 Nfd5 33. Bd2 h6 34. Qd3 Qxh2 35. Bc2 g6 36. Qe4 Kg7 37. Bb3 Qh3+ 38. Kg1 Qe6 39. Qh4 g5 40. Qg3 Qf6 41. Qg4 Qd6 42. Bc2 b5 43. Bc1 Qc7 44. Qe4 f5 45. Qe2 Kf6 46. Bb2 Qd6 47. Bb3 Nf4 48. Qe3 Ned5 49. Qe8 Qe6 50. Qh8+ Kg6 51. Bc3 Ne2+ 52. Kf1 Nexc3 53. Bxd5 Nxd5 0-1

[Event "Baden-ch U2000"]
[Site "Walldorf"]
[Date "2017.07.26"]
[Round "1"]
[White "Vogt, Thomas"]
[Black "Meier, Marlon"]
[Result "1-0"]
[WhiteElo "2101"]
[BlackElo "1812"]
[PlyCount "81"]
[EventDate "2017.07.26"]
[EventType "swiss"]
[EventRounds "7"]
[EventCountry "GER"]
[SourceTitle "EXT 2018"]
[Source "ChessBase"]
[SourceDate "2017.10.13"]
[SourceVersion "1"]
[SourceVersionDate "2017.10.13"]
[SourceQuality "1"]

1. d4 d5 2. c4 dxc4 3. Nc3 a6 4. a4 Nc6 5. e3 Na5 6. Nf3 Bg4 7. Be2 e6 8. 0-0 Nf6 9. e4 Nb3 10. Rb1 Bxf3 11. Bxf3 Nxd4 12. e5 Nxf3+ 13. Qxf3 Nd5 14. Rd1 c6 15. h3 Qc7 16. Qg3 0-0-0 17. Ne4 f6 18. f4 Rg8 19. b3 cxb3 20. Qxb3 Be7 21. Ba3 Bxa3 22. Qxa3 fxe5 23. Nc5 Nxf4 24. Rxd8+ Rxd8 25. Rxb7 Qd6 26. Rxg7 Ne2+ 27. Kf2 Qd2 28. Nb3 Qc2 29. Qe7 Nf4+ 30. Kg1 Qd1+ 31. Kh2 Rd7 32. Rg8+ Kc7 33. Qb4 Rd8 34. Qa5+ Kc8 35. Qxa6+ Kc7 36. Qa7+ Kc8 37. Qa6+ Kc7 38. Qa5+ Kc8 39. Rg7 Qd6 40. Qa6+ Kb8 41. Qb7# 1-0